|
|
|
|
| LEADER |
02272nam a2200589 a 4500 |
| 001 |
nkc20142634369 |
| 003 |
CZ PrNK |
| 005 |
20141203123046.0 |
| 007 |
ta |
| 008 |
141022s2014 xr a f c 000 0dcze |
| 015 |
|
|
|a cnb002634369
|
| 020 |
|
|
|a 978-80-7035-562-6
|q (váz.)
|
| 035 |
|
|
|a (OCoLC)897870480
|
| 040 |
|
|
|a OLA001
|b cze
|
| 041 |
1 |
|
|a cze
|a eng
|h cze
|
| 043 |
|
|
|a e-xr---
|
| 045 |
|
|
|a y0y1
|
| 072 |
|
7 |
|a 72/76
|x Výtvarné umění
|2 Konspekt
|9 21
|
| 080 |
|
|
|a 72/76(437.3)
|2 MRF
|
| 080 |
|
|
|a 7.036/.038
|2 MRF
|
| 080 |
|
|
|a 316.73(5)
|2 MRF
|
| 080 |
|
|
|a (437.3)
|2 MRF
|
| 080 |
|
|
|a (083.824)
|2 MRF
|
| 080 |
|
|
|a (048.8:082)
|2 MRF
|
| 245 |
0 |
0 |
|a Drak se probouzí :
|b současné inspirace východoasijským uměním = The waking dragon : contemporary inspiration from East-Asian art /
|c Petra Polláková [(ed.) ; autoři textů Lenka Gyaltso ... et al.]
|
| 246 |
1 |
|
|i Název v prelimináriích:
|a Drak =
|b Dragon
|
| 246 |
3 |
0 |
|a Současné inspirace východoasijským uměním
|
| 246 |
3 |
0 |
|a Contemporary inspiration from East-Asian art
|
| 246 |
3 |
0 |
|a Dragon
|
| 246 |
3 |
1 |
|a Waking dragon
|
| 260 |
|
|
|a V Praze :
|b Národní galerie,
|c 2014
|
| 300 |
|
|
|a 201 s. :
|b il. (převážně barev.) ;
|c 28 cm
|
| 504 |
|
|
|a Obsahuje bibliografie a bibliografické odkazy
|
| 546 |
|
|
|a Souběžný anglický text
|
| 648 |
|
7 |
|a 21. století
|7 ch460559
|2 czenas
|
| 650 |
0 |
7 |
|a české výtvarné umění
|7 ph116865
|y 21. století
|2 czenas
|
| 650 |
0 |
7 |
|a moderní umění
|7 ph115340
|z Česko
|2 czenas
|
| 650 |
0 |
7 |
|a kulturní vlivy (asijské)
|7 ph749833
|z Česko
|y 21. století
|2 czenas
|
| 650 |
0 |
9 |
|a Czech art
|y 21st century
|2 eczenas
|
| 650 |
0 |
9 |
|a modern art
|z Czechia
|2 eczenas
|
| 650 |
0 |
9 |
|a culture's influence (Asian)
|z Czechia
|y 21st century
|2 eczenas
|
| 655 |
|
7 |
|a katalogy výstav
|7 fd132536
|2 czenas
|
| 655 |
|
7 |
|a kolektivní monografie
|7 fd501537
|2 czenas
|
| 655 |
|
9 |
|a exhibition catalogs
|2 eczenas
|
| 655 |
|
9 |
|a collective monographs
|2 eczenas
|
| 700 |
1 |
|
|a Polláková, Petra,
|d 1975-
|7 jo2012725605
|4 aut
|4 edt
|
| 700 |
1 |
|
|a Gyaltso, Lenka
|7 jo2012725611
|4 aut
|
| 910 |
2 |
|
|a BOA001
|b 3-1335.537
|
| 990 |
|
|
|a BK
|
| 995 |
|
|
|a 01
|
| 991 |
|
|
|b 201412
|c NOV
|e n
|
| 996 |
6 |
|
|b 2610612359
|c 3-1335.537
|l MZK
|r Sklad / do 1 hodiny
|n 0
|p p.v.
|w 001472556
|u 000010
|a 1
|e BOA001
|j MZK50
|s P
|